000 00479nam a2200193Ia 4500
003 GCL
008 140319s9999 xx 000 0 eng d
040 _aGCL /
_cGCL
082 0 4 _aCH
_b598
_bW H
100 1 _aWOODWARD, KATE
245 1 0 _aHOW DOES A BIRD FLY ? /
_cWOODWARD, KATE
700 1 _aFORSTER, MARY
260 _a[S.N] :
_bUSBORNE PUBLISHING LTD ،
_c1991
300 _a24 P
650 0 4 _aBIRDS
650 0 4 _aCHILDREN
650 0 4 _aFLYING BIRDS
942 _2ddc
_cBK
999 _c15163
_d15163